The $100,000 resume
| Main Author: | Rice, Craig Scott |
|---|---|
| Published: |
New York:
McGraw-Hill,
1998.
|
| Subjects: |
| LEADER | 00529cam a2200181 7i4500 | ||
|---|---|---|---|
| 001 | 0000002486 | ||
| 005 | 20090609090000.0 | ||
| 020 | |a 9780070525863 | ||
| 020 | |a 0070525862 (pbk.) | ||
| 090 | 0 | 0 | |a HF5383 |b .R53 1998 |
| 100 | 1 | |a Rice, Craig Scott | |
| 245 | 1 | 4 | |a The $100,000 resume |c Craig Scott Rice. |
| 260 | |a New York: |b McGraw-Hill, |c 1998. | ||
| 300 | |a xiv, 219 p.: |b ill.; |c 28 cm. | ||
| 500 | |a Includes index | ||
| 650 | 0 | 0 | |a Job hunting |
| 650 | 0 | 0 | |a Resume (Employment) |
| 999 | |a 0000000521 |b BOK |c OPEN SHELF |e 1st Floor, Shah Alam | ||


